[Event "GER-ch51 final email"]
[Site "GER email"]
[Date "2021.01.18"]
[Round "?"]
[White "Bars, Joachim"]
[Black "Boos, Markus"]
[Result "1/2-1/2"]
[WhiteElo "2153"]
[BlackElo "2155"]
[PlyCount "111"]
[EventDate "2021.??.??"]
[EventType "tourn (corr)"]
[EventRounds "14"]
[EventCountry "GER"]
[SourceTitle "Corr 2024"]
[Source "ChessBase"]
[SourceDate "2023.10.19"]
[SourceVersion "1"]
[SourceVersionDate "2023.10.19"]
[SourceQuality "1"]

1. e4 c5 2. Nf3 Nc6 3. d4 cxd4 4. Nxd4 Nf6 5. Nc3 e5 6. Ndb5 d6 7. Bg5 a6 8. Na3 b5 9. Nd5 Be7 10. Bxf6 Bxf6 11. c3 0-0 12. Nc2 Rb8 13. h4 Be7 14. Nce3 Be6 15. a4 Qd7 16. Be2 Bd8 17. h5 Bg5 18. axb5 axb5 19. 0-0 h6 20. Ra6 Bxe3 21. Nxe3 Rfd8 22. Qa1 Qb7 23. b4 Rbc8 24. Bd3 Kf8 25. Re1 Ne7 26. Rc1 Rb8 27. Ra7 Qb6 28. Ra5 Qc6 29. Ra6 Qb7 30. Rd1 Bb3 31. Ra7 Qc6 32. Rc1 Be6 33. Qa5 d5 34. exd5 Nxd5 35. Be4 Qe8 36. Bxd5 Bxd5 37. Rc7 Be4 38. c4 Kg8 39. Ra7 bxc4 40. Rxc4 Rd4 41. Rcc7 Rdxb4 42. Re7 Qc6 43. Rxf7 R8b7 44. Rfxb7 Rxb7 45. Rxb7 Qc1+ 46. Kh2 Bxb7 47. Qxe5 Qc6 48. f3 Bc8 49. Nd5 Qe6 50. Qc7 Qxd5 51. Qxc8+ Kh7 52. Qe8 Qg5 53. g3 Qc5 54. Qe4+ Kh8 55. Qe8+ Kh7 56. Qg6+ 1/2-1/2

[Event "GER-ch51 final email"]
[Site "GER email"]
[Date "2021.01.18"]
[Round "?"]
[White "Boos, Markus"]
[Black "Amann, Hubert"]
[Result "1/2-1/2"]
[WhiteElo "2155"]
[BlackElo "2173"]
[PlyCount "80"]
[EventDate "2021.??.??"]
[EventType "tourn (corr)"]
[EventRounds "14"]
[EventCountry "GER"]
[SourceTitle "Corr 2024"]
[Source "ChessBase"]
[SourceDate "2023.10.19"]
[SourceVersion "1"]
[SourceVersionDate "2023.10.19"]
[SourceQuality "1"]

1. e4 e5 2. Nf3 Nc6 3. Bc4 Bc5 4. c3 Nf6 5. d3 d6 6. Bb3 a5 7. 0-0 0-0 8. Re1 h6 9. h3 Re8 10. Nbd2 Be6 11. Ba4 Qb8 12. d4 b5 13. dxc5 bxa4 14. cxd6 cxd6 15. Qxa4 Qc7 16. Nh4 Ne7 17. Nf1 Qc6 18. Qxc6 Nxc6 19. Nf5 Red8 20. N5g3 a4 21. f3 Rab8 22. Ne3 d5 23. exd5 Nxd5 24. Nc4 Nxc3 25. Nxe5 Nxe5 26. bxc3 Nd3 27. Re2 Rbc8 28. Be3 Rxc3 29. Ne4 Rcc8 30. Rd1 Nc1 31. Rxd8+ Rxd8 32. Bxc1 Rd1+ 33. Kf2 Rxc1 34. h4 Kf8 35. Ke3 a3 36. Kf4 Rc4 37. g4 h5 38. g5 Rb4 39. Re3 Bxa2 40. Rxa3 Bd5 1/2-1/2

[Event "GER-ch51 final email"]
[Site "GER email"]
[Date "2021.01.18"]
[Round "?"]
[White "Huber, Martin"]
[Black "Boos, Markus"]
[Result "1/2-1/2"]
[WhiteElo "2144"]
[BlackElo "2155"]
[PlyCount "83"]
[EventDate "2021.??.??"]
[EventType "tourn (corr)"]
[EventRounds "14"]
[EventCountry "GER"]
[SourceTitle "Corr 2024"]
[Source "ChessBase"]
[SourceDate "2023.10.19"]
[SourceVersion "1"]
[SourceVersionDate "2023.10.19"]
[SourceQuality "1"]

1. e4 c5 2. Nf3 d6 3. d4 cxd4 4. Nxd4 Nf6 5. Nc3 a6 6. f3 e5 7. Nb3 Be6 8. Be3 h5 9. Nd5 Bxd5 10. exd5 g6 11. Qd2 Nbd7 12. 0-0-0 Nb6 13. Kb1 Nfxd5 14. Bf2 Nf6 15. Bh4 Be7 16. Bxf6 Bxf6 17. Qxd6 Qxd6 18. Rxd6 Bd8 19. Rd1 Rb8 20. Bd3 Bc7 21. Rhe1 f5 22. c4 Ke7 23. c5 Nd7 24. c6 bxc6 25. Bxa6 Rb6 26. Bf1 Nf6 27. Rc1 Ra8 28. Nd2 Kf8 29. Nc4 Rb5 30. g3 Kg7 31. Ne3 Rb6 32. Red1 h4 33. gxh4 Rh8 34. Rc4 e4 35. fxe4 Bf4 36. e5 Bxe5 37. Rc2 Bf4 38. Nc4 Rb5 39. a4 Rb4 40. a5 Nd5 41. Bg2 Rxh4 42. Bxd5 1/2-1/2

[Event "GER-ch Net Amateur Gr-A Final"]
[Site "Playchess.com INT"]
[Date "2020.04.18"]
[Round "9"]
[White "Boos, Markus"]
[Black "Gutheil, Heinrich"]
[Result "0-1"]
[WhiteElo "2070"]
[BlackElo "2184"]
[PlyCount "144"]
[EventDate "2020.04.18"]
[EventType "swiss (blitz)"]
[EventRounds "13"]
[EventCountry "GER"]
[SourceTitle "CBM 195 Extra"]
[Source "ChessBase"]
[SourceDate "2020.05.31"]
[SourceVersion "1"]
[SourceVersionDate "2020.05.31"]
[SourceQuality "1"]

1. Nf3 g6 2. g3 Bg7 3. d4 c5 4. d5 d6 5. c4 b5 6. cxb5 a6 7. bxa6 Bxa6 8. Bg2 Nf6 9. Nc3 0-0 10. 0-0 Nbd7 11. Rb1 Qb6 12. b3 Ne8 13. Bd2 Nc7 14. a4 Rfb8 15. Re1 Qb7 16. Nh4 Qc8 17. Qc2 Ne5 18. h3 Bb7 19. Red1 Na6 20. Nb5 Nb4 21. Bxb4 cxb4 22. Qxc8+ Rxc8 23. Rdc1 Bh6 24. f4 Nd7 25. Kf1 Bg7 26. Ke1 Nc5 27. Kd2 Ba6 28. e3 Bxb5 29. axb5 Ra2+ 30. Rc2 Nxb3+ 31. Rxb3 Raxc2+ 32. Kd3 R2c3+ 33. Rxc3 bxc3 34. Kc2 Ra8 35. Bf1 Ra2+ 36. Kc1 Rb2 37. Bd3 Kf8 38. Nf3 Ke8 39. Ng5 h6 40. Nf3 Kd8 41. Ne1 Rd2 42. Bc2 Kc7 43. Nd3 Re2 44. Bd1 Rxe3 45. Kc2 Rxg3 46. Nb4 Rg2+ 47. Kb3 Rb2+ 48. Kc4 Rd2 49. Bc2 Rd4+ 50. Kb3 Rxf4 51. Nc6 Kb6 52. Nxe7 Kxb5 53. Nc8 Rb4+ 54. Ka2 Rb2+ 55. Ka3 Rxc2 56. Nxd6+ Kc5 57. Nxf7 Kxd5 58. Nd8 Kc4 59. Nc6 Rc1 60. Na5+ Kd3 61. Nb3 Rb1 62. Nc5+ Kc4 63. Ne4 Kd3 64. Nc5+ Kc2 65. h4 Bf8 66. h5 gxh5 67. Ka2 Rb2+ 68. Ka1 Rb1+ 69. Ka2 Rd1 70. Nb3 Rd5 71. Ka1 Kxb3 72. Kb1 Rd1# 0-1

[Event "GER-ch Net Amateur Gr-A Final"]
[Site "Playchess.com INT"]
[Date "2020.04.18"]
[Round "12"]
[White "Boos, Markus"]
[Black "Moeller, Hendrik"]
[Result "1/2-1/2"]
[WhiteElo "2024"]
[BlackElo "2155"]
[PlyCount "110"]
[EventDate "2020.04.18"]
[EventType "swiss (blitz)"]
[EventRounds "13"]
[EventCountry "GER"]
[SourceTitle "CBM 195 Extra"]
[Source "ChessBase"]
[SourceDate "2020.05.31"]
[SourceVersion "1"]
[SourceVersionDate "2020.05.31"]
[SourceQuality "1"]

1. Nf3 d5 2. g3 Nf6 3. Bg2 c5 4. 0-0 Nc6 5. d3 e6 6. Nbd2 Be7 7. e4 e5 8. exd5 Nxd5 9. Nc4 f6 10. c3 0-0 11. Qb3 Kh8 12. Nfd2 Nc7 13. Ne4 b5 14. Ne3 Be6 15. Qc2 Qd7 16. Re1 Rfd8 17. a4 a6 18. axb5 axb5 19. Rxa8 Nxa8 20. h4 Nb6 21. Rd1 Nd5 22. Nxd5 Bxd5 23. Be3 Qe6 24. c4 bxc4 25. dxc4 Bxc4 26. Nxc5 Rxd1+ 27. Qxd1 Bxc5 28. Bxc5 h6 29. b4 e4 30. Qd6 Qxd6 31. Bxd6 f5 32. Bf1 Bxf1 33. Kxf1 Kg8 34. b5 Nd8 35. h5 Kf7 36. Be5 Ne6 37. b6 Nc5 38. Ke2 g5 39. hxg6+ Kxg6 40. Ke3 h5 41. Kd4 Nb7 42. Kd5 Kg5 43. Kc6 Na5+ 44. Kc7 h4 45. gxh4+ Kxh4 46. Bc3 Nb3 47. b7 Nc5 48. b8Q Na6+ 49. Kb7 Nxb8 50. Kxb8 Kg4 51. Kc7 Kf3 52. Bd4 f4 53. Kd6 e3 54. Bxe3 fxe3 55. fxe3 Kxe3 1/2-1/2

[Event "GER-ch Net Amateur Gr-A Vor3"]
[Site "Playchess.com INT"]
[Date "2020.04.16"]
[Round "6"]
[White "Boos, Markus"]
[Black "Haack, Kevin"]
[Result "1-0"]
[WhiteElo "1995"]
[BlackElo "1712"]
[PlyCount "39"]
[EventDate "2020.04.16"]
[EventType "swiss (blitz)"]
[EventRounds "9"]
[EventCountry "GER"]
[SourceTitle "CBM 195 Extra"]
[Source "ChessBase"]
[SourceDate "2020.05.31"]
[SourceVersion "1"]
[SourceVersionDate "2020.05.31"]
[SourceQuality "1"]

1. Nf3 d5 2. g3 Nf6 3. Bg2 e6 4. 0-0 Be7 5. d3 0-0 6. Nbd2 c5 7. e4 Nc6 8. Qe2 Qc7 9. e5 Nd7 10. Re1 b5 11. Nf1 Bb7 12. Bf4 a5 13. Ne3 d4 14. Ng4 h5 15. Nf6+ gxf6 16. exf6 Bxf6 17. Bxc7 Rac8 18. Bd6 Rfe8 19. h4 Bg7 20. Ng5 1-0

[Event "GER-ch Net Amateur Gr-A Vor3"]
[Site "Playchess.com INT"]
[Date "2020.04.16"]
[Round "3"]
[White "Boos, Markus"]
[Black "Roettig, Hans Peter"]
[Result "1-0"]
[WhiteElo "1995"]
[BlackElo "1824"]
[PlyCount "123"]
[EventDate "2020.04.16"]
[EventType "swiss (blitz)"]
[EventRounds "9"]
[EventCountry "GER"]
[SourceTitle "CBM 195 Extra"]
[Source "ChessBase"]
[SourceDate "2020.05.31"]
[SourceVersion "1"]
[SourceVersionDate "2020.05.31"]
[SourceQuality "1"]

1. Nf3 d6 2. d4 f5 3. g3 Nf6 4. Bg2 c6 5. 0-0 e6 6. c4 Be7 7. Nc3 0-0 8. Re1 d5 9. Ne5 Bd6 10. Bg5 Qe8 11. Bxf6 Rxf6 12. b3 Rh6 13. e3 Nd7 14. f4 Nf6 15. Rb1 Bb4 16. Rc1 Ne4 17. Nxe4 fxe4 18. Rc2 Bxe1 19. Qxe1 b6 20. b4 Ba6 21. a4 Qh5 22. h3 Bb7 23. g4 Qe8 24. c5 g5 25. fxg5 Rg6 26. Nxg6 Qxg6 27. h4 Rf8 28. Qg3 Ba6 29. cxb6 axb6 30. Rxc6 Bd3 31. Qe5 Re8 32. h5 Qf7 33. Rc7 Re7 34. Rc8+ Re8 35. g6 hxg6 36. hxg6 Qxg6 37. Rc7 Qxg4 38. a5 bxa5 39. bxa5 Rf8 40. Rc6 Rf1+ 41. Kh2 Qh4+ 42. Bh3 Rf2+ 43. Kg1 Qxh3 44. Qg5+ Kf8 45. Rc8+ Kf7 46. Qg8+ Kf6 47. Rf8+ Ke7 48. Qg7+ Kd6 49. Qe5+ Kc6 50. Rxf2 Qg4+ 51. Kh2 Qh4+ 52. Kg2 Qg4+ 53. Qg3 Qd1 54. Kh2 Be2 55. Qg6 Bf3 56. Qxe6+ Kb5 57. Qxd5+ Kb4 58. Qc5+ Kb3 59. Qb5+ Kc3 60. Qb2+ Kd3 61. Rd2+ Kxe3 62. Rxd1 1-0

[Event "GER-ch Net Amateur Gr-A Vor2"]
[Site "Playchess.com INT"]
[Date "2020.04.15"]
[Round "1"]
[White "Boos, Markus"]
[Black "Hein, Ralf1111"]
[Result "1-0"]
[WhiteElo "2005"]
[BlackElo "1636"]
[PlyCount "143"]
[EventDate "2020.04.15"]
[EventType "swiss (blitz)"]
[EventRounds "9"]
[EventCountry "GER"]
[SourceTitle "CBM 196 Extra"]
[Source "ChessBase"]
[SourceDate "2020.07.31"]
[SourceVersion "1"]
[SourceVersionDate "2020.07.31"]
[SourceQuality "1"]

1. Nf3 d5 2. g3 g6 3. Bg2 Bg7 4. 0-0 c6 5. d4 Nf6 6. b3 0-0 7. c4 Bf5 8. Bb2 Nbd7 9. Nc3 Nb6 10. Ne5 Nfd7 11. Nxd7 Qxd7 12. c5 Nc8 13. e3 Bh3 14. f4 Bxg2 15. Kxg2 f6 16. b4 e6 17. a4 Ne7 18. b5 Nf5 19. Qe2 Rfb8 20. g4 Ne7 21. h3 b6 22. Ba3 a6 23. bxa6 b5 24. axb5 cxb5 25. Bb4 Nc6 26. Rfb1 Qc8 27. Nxb5 Rxa6 28. Nd6 Rxa1 29. Rxa1 Qd8 30. Bc3 Rb3 31. Qc2 Qb8 32. Ra2 Bf8 33. Rb2 Rxb2 34. Qxb2 Qxb2+ 35. Bxb2 Bxd6 36. cxd6 Kf7 37. Ba3 e5 38. dxe5 fxe5 39. fxe5 Nxe5 40. Bc5 Ke6 41. Kg3 Nc4 42. Kf4 Nxd6 43. h4 Ne4 44. Bd4 Nd6 45. Bc5 Nf7 46. Ba7 h6 47. Bb8 g5+ 48. Kg3 Ne5 49. h5 Nc4 50. Kf3 Nd2+ 51. Ke2 Ne4 52. Ba7 Nf6 53. Kf3 Ke5 54. Bd4+ Ke6 55. Bc3 Ne4 56. Bg7 Nd2+ 57. Ke2 Ne4 58. Bxh6 Kf7 59. Kf3 Kg8 60. Bxg5 Nxg5+ 61. Kf4 Nf7 62. g5 Kg7 63. Kf5 Nd6+ 64. Ke6 Nc4 65. Kxd5 Nxe3+ 66. Ke5 Ng4+ 67. Ke6 Ne3 68. g6 Ng4 69. Kf5 Nf6 70. h6+ Kxh6 71. Kxf6 Kh5 72. g7 1-0

[Event "GER-ch Net Amateur Gr-A Vor1"]
[Site "Playchess.com INT"]
[Date "2020.04.14"]
[Round "7"]
[White "Dahl, Christoph"]
[Black "Boos, Markus"]
[Result "1-0"]
[WhiteElo "2081"]
[BlackElo "1971"]
[PlyCount "115"]
[EventDate "2020.04.14"]
[EventType "swiss (blitz)"]
[EventRounds "9"]
[EventCountry "GER"]
[SourceTitle "EXT 2021"]
[Source "ChessBase"]
[SourceDate "2020.10.23"]
[SourceVersion "1"]
[SourceVersionDate "2020.10.23"]
[SourceQuality "1"]

1. e4 c6 2. Nc3 d5 3. Nf3 dxe4 4. Nxe4 Nf6 5. Qe2 Nxe4 6. Qxe4 Nd7 7. Bc4 Nf6 8. Ne5 e6 9. Qe2 Bd6 10. 0-0 0-0 11. d4 Nd5 12. Bxd5 exd5 13. c4 dxc4 14. Nxc4 Bc7 15. Ne5 Be6 16. Be3 Bd5 17. f4 Re8 18. f5 Bxe5 19. dxe5 Rxe5 20. f6 g6 21. Qf2 h5 22. Bh6 Bc4 23. Rfe1 Rf5 24. Qc2 Qd4+ 25. Be3 Qd3 26. Qxd3 Bxd3 27. Rad1 Bc4 28. b3 Bd5 29. Bd4 h4 30. Re7 b5 31. Rde1 Kh7 32. R1e5 Rxe5 33. Bxe5 g5 34. g4 a5 35. Bd4 a4 36. Re5 axb3 37. axb3 Kg6 38. Be3 Kxf6 39. Rf5+ Ke6 40. Bxg5 Bxb3 41. Rf6+ Kd5 42. Rxf7 Rg8 43. Rf5+ Kc4 44. h3 Re8 45. Rf4+ Kd3 46. Rf3+ Kc2 47. Rf2+ Kc3 48. Bf6+ Kc4 49. Rf4+ Kd3 50. Rf3+ Kc2 51. Rc3+ Kd2 52. Rxb3 Ke2 53. Bxh4 Re5 54. Bg3 Rd5 55. Kg2 c5 56. Rxb5 Ke3 57. Rxc5 Rxc5 58. Bf2+ 1-0

[Event "GER-ch Net Amateur Gr-A Vor1"]
[Site "Playchess.com INT"]
[Date "2020.04.14"]
[Round "2"]
[White "Schulz, Karsten"]
[Black "Boos, Markus"]
[Result "1-0"]
[WhiteElo "2306"]
[BlackElo "1976"]
[PlyCount "103"]
[EventDate "2020.04.14"]
[EventType "swiss (blitz)"]
[EventRounds "9"]
[EventCountry "GER"]
[SourceTitle "EXT 2021"]
[Source "ChessBase"]
[SourceDate "2020.10.23"]
[SourceVersion "1"]
[SourceVersionDate "2020.10.23"]
[SourceQuality "1"]

1. Nf3 Nf6 2. c4 e6 3. g3 d5 4. Bg2 c5 5. 0-0 d4 6. b4 cxb4 7. a3 bxa3 8. d3 Nc6 9. Qa4 Bd7 10. Bxa3 Bxa3 11. Qxa3 Qe7 12. Nbd2 Qxa3 13. Rxa3 Ke7 14. Rb1 b6 15. Nb3 e5 16. Nxe5 Nxe5 17. Bxa8 Rxa8 18. Nxd4 Bc6 19. Nxc6+ Nxc6 20. Rxb6 axb6 21. Rxa8 Nd4 22. e3 Nf3+ 23. Kf1 Nxh2+ 24. Ke2 Nhg4 25. d4 Nd7 26. f3 Ngf6 27. e4 Nh5 28. g4 Nf4+ 29. Ke3 Ng2+ 30. Kf2 Nh4 31. Kg3 Ng6 32. f4 f6 33. f5 Ngf8 34. Kf4 g5+ 35. Ke3 h6 36. Ra7 Kd6 37. Kd3 Kc6 38. Kc3 Nh7 39. e5 fxe5 40. dxe5 Nxe5 41. Rxh7 Nxg4 42. Re7 Kc5 43. Re6 h5 44. f6 Nh6 45. Re5+ Kd6 46. Rxg5 Ke6 47. Rxh5 Nf7 48. Rb5 Kxf6 49. Rxb6+ Ke5 50. Kb4 Nd8 51. Kb5 Kd4 52. Rd6+ 1-0

[Event "GER-ch50 final email"]
[Site "GER email"]
[Date "2020.04.12"]
[Round "?"]
[White "Boos, Markus"]
[Black "Huber, Martin Christian"]
[Result "1/2-1/2"]
[WhiteElo "2429"]
[BlackElo "2351"]
[PlyCount "38"]
[EventDate "2020.??.??"]
[EventType "tourn (corr)"]
[EventRounds "14"]
[EventCountry "GER"]
[SourceTitle "Corr 2022"]
[Source "ChessBase"]
[SourceDate "2021.10.24"]
[SourceVersion "1"]
[SourceVersionDate "2021.10.24"]
[SourceQuality "1"]

1. Nf3 Nf6 2. c4 c5 3. Nc3 d5 4. cxd5 Nxd5 5. d4 e6 6. e4 Nxc3 7. bxc3 cxd4 8. cxd4 Bb4+ 9. Bd2 Bxd2+ 10. Qxd2 0-0 11. Bc4 Nd7 12. 0-0 b6 13. a4 Bb7 14. Rfe1 Nf6 15. Bd3 h6 16. a5 bxa5 17. Rxa5 Qc7 18. Rc1 Qd8 19. Re1 Qc7 1/2-1/2

[Event "GER-ch50 final email"]
[Site "GER email"]
[Date "2020.04.12"]
[Round "?"]
[White "Boos, Markus"]
[Black "Maetzig, Ralf"]
[Result "1/2-1/2"]
[WhiteElo "2429"]
[BlackElo "2340"]
[PlyCount "69"]
[EventDate "2020.??.??"]
[EventType "tourn (corr)"]
[EventRounds "14"]
[EventCountry "GER"]
[SourceTitle "Corr 2022"]
[Source "ChessBase"]
[SourceDate "2021.10.24"]
[SourceVersion "1"]
[SourceVersionDate "2021.10.24"]
[SourceQuality "1"]

1. Nf3 d5 2. d4 Nf6 3. c4 e6 4. g3 Be7 5. Bg2 0-0 6. 0-0 dxc4 7. Qc2 b5 8. a4 b4 9. Nfd2 Nd5 10. Nxc4 c5 11. dxc5 Ba6 12. Ne3 Nd7 13. Nxd5 exd5 14. c6 Rc8 15. Bf4 Nc5 16. Rd1 d4 17. Bf3 Ne6 18. Be5 d3 19. exd3 Bf6 20. d4 Bxe5 21. dxe5 Nd4 22. Qe4 Nxf3+ 23. Qxf3 Qe7 24. Qe4 Rfd8 25. Nd2 Bd3 26. Qf4 Bc2 27. Re1 Rxc6 28. Nf3 h6 29. a5 Qc7 30. Qxb4 Rc4 31. Qb5 Rb8 32. Qd5 Rd8 33. Qb5 Rb8 34. Qd5 Rd8 35. Qb5 1/2-1/2

[Event "GER-ch Net blitz qual5"]
[Site "Playchess.com INT"]
[Date "2020.03.28"]
[Round "10"]
[White "Boos, Markus"]
[Black "Mueller, Adrian"]
[Result "1-0"]
[WhiteElo "2153"]
[BlackElo "1975"]
[PlyCount "61"]
[EventDate "2020.03.28"]
[EventType "swiss (blitz)"]
[EventRounds "13"]
[EventCountry "GER"]
[SourceTitle "CBM 195 Extra"]
[Source "ChessBase"]
[SourceDate "2020.05.31"]
[SourceVersion "1"]
[SourceVersionDate "2020.05.31"]
[SourceQuality "1"]

1. d4 Nf6 2. c4 e6 3. g3 Bb4+ 4. Bd2 Qe7 5. Bg2 0-0 6. Nf3 c5 7. Bxb4 cxb4 8. 0-0 Nc6 9. d5 exd5 10. cxd5 Ne5 11. d6 Nxf3+ 12. Bxf3 Qe5 13. Qd2 a5 14. Rd1 Re8 15. a3 bxa3 16. Nxa3 Ra6 17. Nc4 Qc5 18. Nxa5 b6 19. Nb3 Qe5 20. Qd4 h6 21. Rac1 Qb5 22. Qc4 Qxc4 23. Rxc4 Ra2 24. Rc2 Ba6 25. Nd4 g6 26. h3 Kg7 27. e3 Ne4 28. Rdc1 Nxd6 29. Bd5 Re7 30. Bxa2 Ne4 31. Rc7 1-0

[Event "GER-ch Net blitz qual5"]
[Site "Playchess.com INT"]
[Date "2020.03.28"]
[Round "2"]
[White "Heinrich, Thomas"]
[Black "Boos, Markus"]
[Result "1/2-1/2"]
[WhiteElo "2172"]
[BlackElo "2153"]
[PlyCount "64"]
[EventDate "2020.03.28"]
[EventType "swiss (blitz)"]
[EventRounds "13"]
[EventCountry "GER"]
[SourceTitle "CBM 195 Extra"]
[Source "ChessBase"]
[SourceDate "2020.05.31"]
[SourceVersion "1"]
[SourceVersionDate "2020.05.31"]
[SourceQuality "1"]

1. d4 Nf6 2. Nf3 g6 3. Bf4 Bg7 4. h3 0-0 5. e3 d6 6. Be2 Nbd7 7. 0-0 Qe8 8. Bh2 e5 9. a4 Qe7 10. a5 c6 11. Na3 b5 12. axb6 axb6 13. Nc4 Rxa1 14. Qxa1 Nd5 15. c3 h6 16. Qa3 c5 17. Re1 Bb7 18. Qa7 Bc6 19. Qa1 Ra8 20. Qb1 b5 21. Na3 Rb8 22. dxe5 dxe5 23. Qc1 Rb7 24. Rd1 e4 25. Nd2 f5 26. c4 bxc4 27. Ndxc4 Kh7 28. Rd2 Rb4 29. Na5 Ba8 30. N3c4 N7b6 31. Nxb6 Rxb6 32. Nc4 Ra6 1/2-1/2

[Event "GER-ch Net blitz qual5"]
[Site "Playchess.com INT"]
[Date "2020.03.28"]
[Round "9"]
[White "Laux, Dominik"]
[Black "Boos, Markus"]
[Result "0-1"]
[WhiteElo "2009"]
[BlackElo "2153"]
[PlyCount "64"]
[EventDate "2020.03.28"]
[EventType "swiss (blitz)"]
[EventRounds "13"]
[EventCountry "GER"]
[SourceTitle "CBM 195 Extra"]
[Source "ChessBase"]
[SourceDate "2020.05.31"]
[SourceVersion "1"]
[SourceVersionDate "2020.05.31"]
[SourceQuality "1"]

1. d4 Nf6 2. Bg5 c5 3. Bxf6 gxf6 4. d5 Qb6 5. Qc1 f5 6. c4 Bg7 7. Nc3 e5 8. e3 d6 9. Qc2 Na6 10. a3 Bd7 11. Bd3 e4 12. Be2 Qa5 13. Nh3 Ba4 14. Qd2 Bxc3 15. Qxc3 Qxc3+ 16. bxc3 Nc7 17. Nf4 Kd7 18. 0-0 b5 19. Rab1 a6 20. f3 Rab8 21. fxe4 fxe4 22. Bg4+ Ke7 23. cxb5 Bxb5 24. Rf2 Bd3 25. Rbb2 Nb5 26. Nxd3 exd3 27. Rbd2 c4 28. Rf4 Nxa3 29. Ra2 Rb3 30. Raf2 Rf8 31. Re4+ Kd8 32. Be6 Rb1+ 0-1

[Event "GER-ch Net blitz qual5"]
[Site "Playchess.com INT"]
[Date "2020.03.28"]
[Round "5"]
[White "Ochmann, Reimund"]
[Black "Boos, Markus"]
[Result "0-1"]
[WhiteElo "1932"]
[BlackElo "2153"]
[PlyCount "216"]
[EventDate "2020.03.28"]
[EventType "swiss (blitz)"]
[EventRounds "13"]
[EventCountry "GER"]
[SourceTitle "CBM 195 Extra"]
[Source "ChessBase"]
[SourceDate "2020.05.31"]
[SourceVersion "1"]
[SourceVersionDate "2020.05.31"]
[SourceQuality "1"]

1. e4 c6 2. d4 d5 3. exd5 cxd5 4. Bd3 Nc6 5. c3 Nf6 6. h3 e6 7. Nf3 Be7 8. Bf4 0-0 9. Nbd2 Bd6 10. Bg5 h6 11. Bh4 Be7 12. 0-0 Rb8 13. Bg3 Bd6 14. Ne5 Qc7 15. Re1 b5 16. Rc1 a5 17. Bb1 Ne7 18. Qf3 Bd7 19. Bh4 Ne8 20. Qh5 Nf5 21. Ndf3 Nxh4 22. Qxh4 Qd8 23. Qg4 Nf6 24. Qf4 Bc8 25. Qe3 Rb7 26. Qd3 Ne4 27. Nd2 f5 28. f3 Bxe5 29. dxe5 Qb6+ 30. Kh2 Nxd2 31. Qxd2 Qc7 32. f4 Rb6 33. Rcd1 Rc6 34. a3 Bd7 35. Re3 Be8 36. Rg3 Kh7 37. Qe2 Rc5 38. Rgd3 Rc4 39. Qf2 Bh5 40. R1d2 Rc8 41. g4 Bg6 42. g5 hxg5 43. fxg5 Qxe5+ 44. Kh1 Qf4 45. Qg2 b4 46. Rf2 Qe4 47. Rd4 Rxd4 48. Kh2 Qxg2+ 49. Rxg2 Rd1 50. Ba2 bxc3 51. h4 cxb2 52. Rxb2 Rdc1 53. Bb3 R1c3 54. Ba4 Bh5 55. Rf2 Rxa3 56. Bd7 Rcc3 57. Bxe6 Rh3+ 58. Kg2 Rag3+ 59. Kf1 Rf3 60. Bxf5+ g6 61. Bxh3 Rxh3 62. Rf7+ Kg8 63. Rd7 Rxh4 64. Rxd5 a4 65. Ra5 Rb4 66. Kf2 Kf7 67. Ke3 Ke6 68. Kd3 Kd6 69. Kc3 Rg4 70. Kd3 Kc6 71. Ra8 Kd5 72. Ra5+ Ke6 73. Ke3 Rg3+ 74. Kf4 Rf3+ 75. Ke4 a3 76. Ra6+ Kd7 77. Kd5 Rf5+ 78. Ke4 Bf3+ 79. Kd4 Rxg5 80. Rxa3 Bc6 81. Ra1 Rf5 82. Ke3 Kd6 83. Rg1 g5 84. Kd4 Bd5 85. Ke3 Ke5 86. Re1 Kf6 87. Rg1 Kg6 88. Rg3 Kh5 89. Rh3+ Kg4 90. Rh8 Rf4 91. Rh7 Be4 92. Rg7 Bf5 93. Ke2 Re4+ 94. Kf2 Rb4 95. Ke3 Rb3+ 96. Kf2 Rb2+ 97. Ke3 Rb3+ 98. Kf2 Be4 99. Ke2 Kf4 100. Rf7+ Bf5 101. Rg7 Rb2+ 102. Kf1 g4 103. Ke1 Kf3 104. Rf7 Re2+ 105. Kf1 Re5 106. Rf8 Kg3 107. Rg8 Bd3+ 108. Kg1 Re1# 0-1